000 00619nam a2200241Ia 4500
001 45859
005 20240114003728.0
007 ta
008 090323s1946 g b000 u 346 u
040 _aCotton College,Assam
041 _a346
082 _a891.4469
_bB 651 G
100 _aBasu, J P .
245 0 _aGalpa- Lekhar Galpa /
_cJ P Basu.
_hTextual Documents
250 _a1st ed /
260 _aCalcutta :
_bBengal Publishers ,
_c1946.
300 _a122p. ;
_c22 cm.
653 _aBengali Literature
653 _aT/G-Bengali
942 _2ddc
_cBK
999 _c45824
_d45824